Expressions françaises détournées - Statistiques

Statistiques générales
  • Ce quiz a été pris 634 fois
  • Le résultat moyen est 8 sur 20
Statistiques - réponses
Expression détournée Expression correcte % Correct
Faire d'un caillou quatre frappes Faire d'une pierre deux coups
83%
Lorsque les coqs auront des gencives Quand les poules auront des dents
77%
Il y a murène sur algue Il y a anguille sous roche
72%
Être bas comme quatre poires Être haut comme trois pommes
69%
Trouver minuit à dix heures Chercher midi à quatorze heures
50%
Avoir une oreille de tigre Avoir un œil de lynx
49%
Tondre le gazon sous la main Couper l'herbe sous le pied
49%
Retirer des branches des freins Mettre des bâtons dans les roues
48%
Danser tel une poêle Chanter comme une casserole
47%
Avoir l'âme sous le bras Avoir le cœur sur la main
46%
Défoncer une fenêtre fermée Enfoncer une porte ouverte
40%
Ne pas réparer deux ailes à une oie Ne pas casser trois pattes à un canard
36%
Être la première roue du chariot Être la cinquième roue du carrosse
35%
Prendre un coup de pistolet dans le ventre Donner un coup de poignard dans le dos
22%
Être comme les trois orteils du pied Être comme les deux doigts de la main
22%
Être mort sur une mauvaise planète Être né sous une bonne étoile
18%
Se voir comme souris et grenouilles S'entendre comme chien et chat
14%
S'arrêter au tiers de course Démarrer au quart de tour
6%
Marteler le museau Clouer le bec
4%
Ne céder qu'à cent lacets Ne tenir qu'à un fil
1%
Aucun quiz correspondant
Distribution des résultats
% des personnes avec chaque résultat
Percentile par nombre de réponses
Votre historique - résultats
Vous n’avez pas pris ce quiz